000 00370nam a2200133Ia 4500
005 20260328101529.0
008 260328s9999||||xx |||||||||||||| ||und||
100 _aSerrazanetti, Francesca
245 0 _aLa Mano dell'Architetto.The hand of the Architect /
_cFrancesca Serrazanetti
260 _bFai
300 _a248 p.
650 _aARQUITECTURA - ELEMENTOS
942 _cBK
999 _c9911
_d9911